000 00555nam a22001577a 4500
999 _c13451
_d13451
008 190322b ||||| |||| 00| 0 eng d
020 _a9715423310
082 _22001
_aDFil 899.2103
_bF48
100 _aHermosa, Eleanor Eme E.
_937651
245 _aTibo's dream/
_cEleanor Eme E. Hermosa (Editor)
260 _aQuezon City:
_bUP Press,
_cc2001.
300 _aPages 21-37;
_b23 cm.
500 _aFilipino Stories for Filipino Children: An Anthology from the UP Integrated School Writing Class
650 _aChildren's literature
_937653
942 _2ddc
_cDFIL